Financial accounting (4th ed.) (Record no. 63058)

MARC details
000 -LEADER
fixed length control field 01435nam a2200253 a 4500
008 - FIXED-LENGTH DATA ELEMENTS--GENERAL INFORMATION
fixed length control field 120416s1989 ||||||||||||||||| || u
020 ## - INTERNATIONAL STANDARD BOOK NUMBER
International Standard Book Number 0256067813
050 ## - LIBRARY OF CONGRESS CALL NUMBER
Classification number HF 5635 Lar
100 ## - MAIN ENTRY--PERSONAL NAME
Personal name Larson KermitD
245 10 - TITLE STATEMENT
Title Financial accounting (4th ed.)
246 ## -
-- Kermit D. Larson
250 ## - EDITION STATEMENT
Edition statement 4th ed.
260 ## - PUBLICATION, DISTRIBUTION, ETC.
Place of publication, distribution, etc. Homewood, [Ill.]
Name of publisher, distributor, etc. Irwin
Date of publication, distribution, etc. 1989
300 ## - PHYSICAL DESCRIPTION
Extent xxix, 766p. : ill.
350 ## -
-- 0.00
650 #0 - SUBJECT ADDED ENTRY--TOPICAL TERM
Topical term or geographic name entry element ACCOUNTING--HANDBOOKS, MANUALS, ETC
700 ## - ADDED ENTRY--PERSONAL NAME
Personal name Pyle, William W
995 ## -
-- TEXTBOOKS (SB)
-- 0.00
-- 1652
-- CBU-SCHOOL TEXTBOOK COLLECTIONS
-- 1
-- 0.00
-- SCHOOL TEXTBOOK
-- 6
-- AVAILABLE
-- Oct 2, 2009
-- 1652
-- School Collections
995 ## -
-- TEXTBOOKS (SB)
-- 0.00
-- 1908
-- CBU-SCHOOL TEXTBOOK COLLECTIONS
-- 1
-- 0.00
-- SCHOOL TEXTBOOK
-- 5
-- AVAILABLE
-- Sep 21, 2009
-- 1908
-- School Collections
995 ## -
-- ANNEX COLLECTION (Main Library)
-- 0.00
-- 006427
-- CBU-MAIN LIBRARY (Kitwe)
-- 1
-- 35.00
-- HF 5635 Lar
-- AVAILABLE
-- 006427
-- Annex Low-Usage Collection
995 ## -
-- ANNEX COLLECTION (Main Library)
-- 0.00
-- 725717
-- CBU-MAIN LIBRARY (Kitwe)
-- 2
-- 35.00
-- HF 5635 Lar
-- 4
-- AVAILABLE
-- 006425
-- Annex Low-Usage Collection
995 ## -
-- ANNEX COLLECTION (Main Library)
-- 0.00
-- 725719
-- CBU-MAIN LIBRARY (Kitwe)
-- 3
-- 35.00
-- HF 5635 Lar
-- AVAILABLE
-- 006426
-- Annex Low-Usage Collection
995 ## -
-- MAIN LIBRARY OPEN ACCESS
-- 0.00
-- 006428
-- CBU-MAIN LIBRARY (Kitwe)
-- 4
-- 35.00
-- HF 5635 Lar
-- AVAILABLE
-- 006428
-- Main Library Open Access Collection
999 ## -
-- 63058
-- 63058
Holdings
Withdrawn status Lost status Source of classification or shelving scheme Damaged status Not for loan Permanent Location Current Location Shelving location Date acquired Total Checkouts Full call number Barcode Date last seen Price effective from Koha item type
Withdrawn         CBU-MAIN LIBRARY, KITWE. CBU-MAIN LIBRARY, KITWE.   12/24/2022   HF 5635 Lar 006427 12/24/2022 12/24/2022 MONOGRAPH
          CBU-MAIN LIBRARY, KITWE. CBU-MAIN LIBRARY, KITWE.   12/24/2022   HF 5635 Lar 006425 12/24/2022 12/24/2022 MONOGRAPH
          CBU-MAIN LIBRARY, KITWE. CBU-MAIN LIBRARY, KITWE.   12/24/2022   HF 5635 Lar 006426 12/24/2022 12/24/2022 MONOGRAPH
          CBU-MAIN LIBRARY, KITWE. CBU-MAIN LIBRARY, KITWE.   12/24/2022   HF 5635 Lar 006428 12/24/2022 12/24/2022 MONOGRAPH
          CBU-SCHOOL TEXT BOOK COLLECTION CBU-SCHOOL TEXT BOOK COLLECTION   12/24/2022   SCHOOL TEXTBOOK 1652 12/24/2022 12/24/2022 MONOGRAPH
          CBU-SCHOOL TEXT BOOK COLLECTION CBU-SCHOOL TEXT BOOK COLLECTION   12/24/2022   SCHOOL TEXTBOOK 1908 12/24/2022 12/24/2022 MONOGRAPH